| 000 | 00862cam a22001814a 4500 | ||
|---|---|---|---|
| 005 | 20250605164357.0 | ||
| 008 | 250528s ||||||||||||||||||||||||d | ||
| 035 | _a24407 | ||
| 040 |
_aGR-AtMCL _bgre _dGR-AtMCL _eAACR2 |
||
| 245 | 1 | _aMass Spectrometry / Tis in-Depth Focus Examines the Bennefits of Mass Spectroscopy for the Characterisation of Higher Order Structure of Protein Pharmaceuticals | |
| 260 |
_bRussel Publishing Ltd, _c2018 |
||
| 300 | _a72 | ||
| 520 | _aDNA Microarray for Detecting and Identifying and Determining Antimicrobial-Resistant Bacteria, The Advantages of Single-Use Technology and a Framework for an Implementation Strategy, Risk Management when Designing Chemical Safety Assessments for Pharmaceutical Packaging Systems. | ||
| 700 | 1 |
_aBremer Steve _99462 |
|
| 942 | _cCR | ||
| 999 |
_c9291 _d9291 |
||